LIBRARY & INFORMATION CENTRE, KCAET, TAVANUR

ONLINE PUBLIC ACCESS CATALOGUE (OPAC)

Ground Water Resources Modelling of a Watershed using Modflow (Record no. 14772)

MARC details
000 -LEADER
fixed length control field 00554nam a22001817a 4500
003 - CONTROL NUMBER IDENTIFIER
control field OSt
082 ## - DEWEY DECIMAL CLASSIFICATION NUMBER
Classification number 631.587
Item number SAJ/GR
088 ## - REPORT NUMBER
Report number 325
100 ## - MAIN ENTRY--AUTHOR NAME
Personal name Sajeena S
245 ## - TITLE STATEMENT
Title Ground Water Resources Modelling of a Watershed using Modflow
260 ## - PUBLICATION, DISTRIBUTION, ETC. (IMPRINT)
Place of publication K.C.A.E.T Thavanur
Name of publisher DEPARTMENT OF LAND AND WATER RESOURCES AND CONSERVATION ENGINEERING
300 ## - PHYSICAL DESCRIPTION
Number of Pages 178
650 ## - SUBJECT ADDED ENTRY--TOPICAL TERM
Topical Term Ground water resources
700 ## - ADDED ENTRY--PERSONAL NAME
Personal name Dr. Kurien E.K
856 ## - ELECTRONIC LOCATION AND ACCESS
Uniform Resource Identifier https://drive.google.com/open?id=1czpoyqUYmx3NKDuRLimzS6eWH4-6Vhem
942 ## - ADDED ENTRY ELEMENTS (KOHA)
Koha item type Theses
Holdings
Collection code Home library Current library Shelving location Full call number Accession Number Koha item type Public note
Reference KAUAET KAUAET Reference 631.75807 SAJ/GR T 325 Theses PhD Thesis
free website counter